000 00703nam a2200229Ia 4500
005 20250508165259.0
008 008 250505s9999 xx 000 0 eng d
020 _a978-1-4129-8246-7
037 _aTextBook
040 _aFEDL
_beng
_cFEDL
041 _aeng
_2eng
084 _a407, JOH/R
_qFEDL
100 _aJohnson Gill
_9780379
245 0 _aCultures in the classrooms: Teaching language through cultural content
260 _aEngland
_bDelra Publishing
300 _a103p.
365 _aINR
_b250
546 _aFirst Indian Edition 2011 Published by Viva Books Private Limited
700 _a Rinvolucri Mario
_9780380
942 _cTB
_h407, JOH/R
999 _c1394208
_d1394208